| 000 | 00438nam a22001337a 4500 | ||
|---|---|---|---|
| 082 | _a510GOY/M | ||
| 100 | _aS.N.SHARMA | ||
| 245 |
_aGOYAL'S CBSE SAMPLE PAPERS MATHEMATICS _bFOR CLASS X |
||
| 260 |
_aDELHI _bGOYAL BROTHERS PRAKASHAN _c2006 |
||
| 300 | _a218 | ||
| 520 | _a3 LATEST SOLVED CBSE SOLVED SAMPLE PAPERS, MODEL TEST PAPERS, UNSOLVED MODEL TEST PAPERS FOR PRACTICE | ||
| 650 |
_aMATHS SAMPLE PAPERS FOR CLASS X _zINDIA |
||
| 942 | _cBK | ||
| 999 |
_c750 _d750 |
||